El cazador de pumas

Tallennettuna:
Bibliografiset tiedot
Päätekijä: Yankas, Lautaro (Tekijä)
Aineistotyyppi: Kirja
Kieli:espanja
Julkaistu: Santiago Zig-Zag 1973
Painos:8a. ed
Sarja:Libros de Bolsillo Zig-Zag, 3
Aiheet:
Tagit: Lisää tagi
Ei tageja, Lisää ensimmäinen tagi!

MARC

LEADER 00000nam a2200000 a 4500
001 UCQ2316
003 CL-VaPUC
008 980724e19730900CL |||||||||||||||||spa|d
082 0 4 |a Ch863  |b YAN  |2 21 
100 0 |a Yankas, Lautaro  |e author  |9 319152 
245 1 3 |a El cazador de pumas 
246 1 3 |a El último toqui 
250 |a 8a. ed 
300 |a 177 p 
942 |c BK 
945 |d 19980724 00:00:00  |a lriquelm 
260 |a Santiago  |b Zig-Zag  |c 1973 
650 0 |a Novelas chilenas   |9 265425 
650 0 |a Literatura chilena   |9 308278 
650 0 |a Prosa chilena   |9 267787 
650 0 |a Formas y géneros literarios  |9 324031 
583 |a last modification  |c 19980724 00:00:00  |k Rodrigo Vera 
490 0 |a Libros de Bolsillo Zig-Zag, 3 
999 |c 273147  |d 273145 
952 |0 0  |1 0  |4 0  |6 CH_863_000000000000000_YAN_1973  |7 0  |8 A  |9 308496  |a BIBEDU  |b BIBEDU  |d 2019-11-20  |i 1446320  |o Ch863 YAN 1973  |p 1446320  |r 2019-11-20  |w 2019-11-20  |y BK  |k LIT